• 首页
  • 本馆介绍
  • 公告通知
  • 最新文献
  • 馆藏检索
  • 电子资源
  • 读者导购
  • 参考咨询
  • 我的图书馆
  • 登录
  • 详细信息显示
  • 放入我的书架
  • 预约/预借图书
  • 作者相关作品
  • 分类相关作品
  • 丛书相关作品
  • 出版社相关作品

书目信息

  • 表格格式
  • 工作单格式
  • 卡片格式
题名:
商业生态学
    
 
作者: 霍肯 著 ;夏善晨 译
分册:  
出版信息: 上海   上海译文出版社  2001
页数: 247页
开本: 20cm
丛书名: 绿色前沿译丛
单 册:
中图分类: F710
科图分类:
主题词: 商业经济--生态经济学
电子资源:
ISBN: 7-5327-2684-3
000 00852nam0 2200253 45
001 0307020858
005 20031219104112.6
010    @a7-5327-2684-3@dCNY17.90
100    @a20030702d2001 km y0chiy0120 ea
101 0  @achi@ceng
105    @a z 000yy
200 1  @a商业生态学@AShang Ye Sheng Tai Xue@e可持续发展的宣言@EKe Chi Xu Fa Zhan De Xuan Yan@f(美)霍肯(Hawken,P.)著@F(Mei)Huo Ken(Hawken,P.)Zhu@g夏善晨等译
210    @a上海@c上海译文出版社@d2001
215    @a247页@d20cm
225    @a绿色前沿译丛
304    @a书名原文:The Ecology of Commerce
410    @12001 @a绿色前沿译丛
517    @a可持续发展的宣言@AKe Chi Xu Fa Zhan De Xuan Yan
606 0  @a商业经济@x生态经济学
690    @aF710@v4
701  0 @a霍肯@bHawken,P.@4著
702  0 @a夏善晨@AXia Shan Chen@4译
801    @aCN@bTSTC@c20030702
905    @b324631-633@dF710@e63@f3
    
    商业生态学:可持续发展的宣言/(美)霍肯(Hawken,P.)著/夏善晨等译.-上海:上海译文出版社,2001
    247页;20cm.-(绿色前沿译丛)
    
    
    ISBN 7-5327-2684-3:CNY17.90
    
●
相关链接 在E读中查询图书 在五车中查询图书 在当当中查询图书 在豆瓣中查询图书


正题名:商业生态学     索取号:F710/63         预约/预借

序号 登录号 条形码 馆藏地/架位号 状态 备注
1 0324631   203246317   第一借阅区/ [索取号:F710/63] 在馆    
2 0324632   203246326   第一借阅区/ [索取号:F710/63] 在馆    
3 0324633   203246335   第一样本阅览室/ [索取号:F710/63] 在馆    
唐山师范学院图书馆 欢迎您!
大连网信软件有限公司© 版权所有